Gas analysis & testing of gaseous materials /

Bibliographic Details
Main Author: Altieri, V. J. (Veto Joseph)
Corporate Author: American Gas Association
Format: Book
Language:English
Published: New York, N.Y. : American Gas Association, [1945]
Edition:1st ed.
Subjects:

MARC

Tag First Indicator Second Indicator Subfields
LEADER 00000cam a2200000 4500
001 in00000052402
005 20151007070125.0
008 750211s1945 nyu b 00000 eng u
010 |a  45009946  
035 |a (OCoLC)01167418 
035 |9 AAE3385AM 
040 |c TLM  |d TXA  |d UtOrBLW 
049 |a TXAM  |c 1 [131494]  |c 2 [251929] 
050 0 0 |a QD121  |b .A4 
092 |a 545.7  |b A468g 
100 1 |a Altieri, V. J.  |q (Veto Joseph) 
245 1 0 |a Gas analysis & testing of gaseous materials /  |c by V. J. Altieri ... 
250 |a 1st ed. 
264 1 |a New York, N.Y. :  |b American Gas Association,  |c [1945] 
264 4 |c [©1945] 
300 |a xi, 567 pages :  |b including illustrations, tables, form, diagrams ;  |c 24 cm. 
336 |a text  |b txt  |2 rdacontent 
337 |a unmediated  |b n  |2 rdamedia 
338 |a volume  |b nc  |2 rdacarrier 
500 |a Third of a series issued by members of the Committee on revision of the Gas chemist's handbook, Technical section, American gas association, as a revision of the 1929 edition of the Gas chemists' handbook. The first and second volumes have titles: Gas chemists' book of standards for light oils and light oil products, by V. J. Altieri, and Gas chemists' manual of dry box purification of gas, by Gilbert E. Seil. 
504 |a Bibliography: pages 498-505. 
650 0 |a Gases  |x Analysis. 
710 2 |a American Gas Association.  |t Gas chemists' handbook. 
740 0 |a Gas Chemists' handbook. 
999 |a MARS 
999 f f |s 23fcf8d6-a308-3b87-b678-cebb047b4dc1  |i b4748433-da08-3965-94fd-66c4bed166c9  |t 0 
952 f f |p ric  |a Texas A&M University  |b Rellis Campus  |c Joint Library Facility  |d Remote Storage  |t 0  |e QD121 .A4  |h Library of Congress classification  |i unmediated -- volume  |m A14800941059 
998 f f |a QD121 .A4  |t 0  |l Remote Storage